Uruguay all time starting xi - Statistics

General Stats
  • This quiz has been taken 139 times
    49 since last reset
  • The average score is 7 of 11
Answer Stats
Hint Answer % Correct
FW(2007-2024 Luis Suárez
100%
FW(2008-2022 Edinson Cavani
98%
FW(2002-2014 Diego Forlán
86%
GK(2009- Fernando Muslera
82%
DF(2005-2022 Diego Godín
80%
MF(2017- Federico Valverde
80%
DF(2013- José Giménez
61%
DF(2007-2022 Martín Cáceres
50%
MF(1917-1930 Héctor Scarone
20%
DF(2005-2018 Maximilliano Pereira
20%
MF(1923-1930 José Leandro Andrade
9%
No matching quizzes found
Score Distribution
Percent of People with Each Score
Percentile by Number Answered
Your Score History
You have not taken this quiz since the last reset